Non Steroidal Anti-inflammatory Drugs (NSAIDs) - Statistics

General Stats
  • This quiz has been taken 178 times
  • The average score is 4 of 12
Answer Stats
Answer % Correct
Ibuprofen
96%
Naproxen
73%
Aspirin
63%
Diclofenac
48%
Celecoxib
45%
Piroxicam
25%
Meloxicam
24%
Mefenamic acid
19%
Indomethacin
15%
Etoricoxib
10%
Flurbiprofen
6%
Dexketoprofen
4%
No matching quizzes found
Score Distribution
Percent of People with Each Score
Percentile by Number Answered
Your Score History
You have not taken this quiz